000 00309nam a2200121Ia 4500
008 240624s9999 xx 000 0 und d
041 _aeng
082 _a006.74 LOW
100 _aLOWERY JOSEPH W
245 _aDREAMWEAVER MX 2004 BIBLE
260 _c2004
_aNew Delhi
_bWiley Dreamtech India
300 _axxxi, : 1177
999 _c956
_d956